000
00182 a2200097 4500
020
_a
9781416906377
041
_a
eng
100
_a
Kadohata, cynthia
245
_a
Cracker
942
_c
BK
999
_c
11335
_d
11335